Logo BPK

Biblioteka

Politechniki Koszalińskiej

Zarządzanie strategiczne przedsiębiorstwem / (Rekord nr 53451)

Szczegóły MARC
000 -ETYKIETA REKORDU
podpole kontrolne o stałej długości 00846nam a2200241 i 4500
001 - NUMER KONTROLNY REKORDU
pole kontrolne bg
020 ## - MIĘDZYNARODOWY ZNORMALIZOWANY NUMER KSIĄŻKI - ISBN
ISBN 9788321017102
040 ## - ŹRÓDŁO KATALOGOWANIA
Instytucja, która utworzyła rekord BPK
041 0# - KOD JĘZYKA
Kod języka tekstu pol
080 ## - UNIWERSALNA KLASYFIKACJA DZIESIĘTNA - UKD
UKD 658.1/.5:005.2(075.8)
920 ## - Międzynarodowy znormalizowany numer książki – ISBN
ISBN 978-83-210-1710-2
008 - POLE O STAŁEJ DŁUGOŚCI - DANE KONTROLNE
podpole kontrolne o stałej długości s pl f |000 0 pol
100 1# - NAZWA OSOBOWA
Nazwa osobowa URBANOWSKA-SOJKIN, Elżbieta
245 #0 - TYTUŁ/ODPOWIEDZIALNOŚĆ
Tytuł Zarządzanie strategiczne przedsiębiorstwem /
Pozostałe elementy strefy tytułu i oznaczenia odpowiedzialności Elżbieta Urbanowska-Sojkin, Piotr Banaszyk, Hubert Witczak.
260 ## - STREFA ADRESU WYDAWNICZEGO
Miejsce wydania Warszawa :
Nazwa wydawcy/dystrybutora Polskie Wydawnictwo Ekonomiczne,
Data publikacji, dystrybucji/powstania dokumentu cop. 2007.
300 ## - STREFA OPISU FIZYCZNEGO
Objętość 346 s. :
Inne cechy fizyczne rys., wykr. ;
Rozmiary 24 cm.
504 ## - UWAGA DOTYCZĄCA BIBLIOGRAFII
Informacje o bibliografii Bibliogr. - Indeks.
650 #9 - HASŁO PRZEDMIOTOWE W FORMIE NAZWY OGÓLNEJ LUB JEDNOSTKOWEJ
Nazwa ogólna lub geograficzna Zarządzanie strategiczne
Określnik ogólny podręcznik akademicki
700 1# - HASŁO DODATKOWE - NAZWA OSOBOWA
Nazwa osobowa BANASZAK, Piotr
700 1# - HASŁO DODATKOWE - NAZWA OSOBOWA
Nazwa osobowa WITCZAK, Hubert
856 ## - LOKALIZACJA I DOSTĘP DO ELEKTRONICZNYCH DOKUMENTÓW ZDALNYCH
Link (URL) http://koha.tu.koszalin.pl/cgi-bin/koha/opac-detail.pl?biblionumber=53451
Tekst linku Katalog online BPK
942 ## - DODATKOWE ELEMENTY (KOHA)
Typ dokumentu Książka
Egzemplarze
Wycofany Status egzemplarza Uszkodzony Dostępność Lokalizacja stała Lokalizacja bieżąca Miejsce przechowywania Sygnatura Kod kreskowy Dział Typ dokumentu Ostatnio wypożyczono
      Tylko na miejscu Biblioteka Politechniki Koszalińskiej Biblioteka Politechniki Koszalińskiej Czytelnia BG 83691 02362373 658.1/.5 Organizacja przedsiębiorstwa Książka  
      Tylko na miejscu Biblioteka Politechniki Koszalińskiej Biblioteka Politechniki Koszalińskiej Czytelnia Wydziałowa ul. Kwiatkowskiego 6e 83692 02362366 658.1/.5 Organizacja przedsiębiorstwa Książka  
      Dostępny Biblioteka Politechniki Koszalińskiej Biblioteka Politechniki Koszalińskiej Wypożyczalnia BG 83693 02362359   Książka 25.10.2014
      Dostępny Biblioteka Politechniki Koszalińskiej Biblioteka Politechniki Koszalińskiej Wypożyczalnia BG 83694 02362342   Książka 22.10.2013
      Dostępny Biblioteka Politechniki Koszalińskiej Biblioteka Politechniki Koszalińskiej Wypożyczalnia BG 83695 09104297   Książka 04.01.2022
© 2023 Biblioteka Politechniki Koszalińskiej :: KOHA